000 00368nam a2200145Ia 4500
008 240624s9999 xx 000 0 und d
041 _aeng
082 _a004 LEO
100 _aLEON ALEXIS
245 _aFUNDAMENTALS OF INFORMATION TECHNOLOGY
250 _a(2nd ed.)
260 _c1999
_aNew Delhi
_bLeon Press
300 _axxiv, : 578 : p. : cm. ; 23
365 _cRS
999 _c28793
_d28793